UBT Library

Etika e raportimit për Vrasjet e rënda në Kosovë (Record no. 55085)

000 -LEADER
fixed length control field 00319nam a22001337a 4500
008 - FIXED-LENGTH DATA ELEMENTS--GENERAL INFORMATION
fixed length control field 200205b ||||| |||| 00| 0 eng d
041 ## - LANGUAGE CODE
Language code of text/sound track or separate title eng
080 ## - UNIVERSAL DECIMAL CLASSIFICATION NUMBER
Edition identifier 043.3
Universal Decimal Classification number 043.3
082 ## - DEWEY DECIMAL CLASSIFICATION NUMBER
Classification number 043.3
100 ## - Rafti
Rafti 0
101 ## - Shkurtesa
Shkurtesa BTH
245 ## - TITLE STATEMENT
Title Etika e raportimit për Vrasjet e rënda në Kosovë
Statement of responsibility, etc Canaj,L
942 ## - ADDED ENTRY ELEMENTS (KOHA)
Source of classification or shelving scheme
Item type Books
Holdings
Withdrawn status Lost status Source of classification or shelving scheme Damaged status Not for loan Collection code Permanent location Current location Shelving location Date acquired Total Checkouts Full call number Barcode Date last seen Price effective from Koha item type
          Koleksioni i përgjithshem UBT - Lipjan UBT - Lipjan Disertacionet 02/05/2020   043.3 Canaj,L 2019 MK 002-7000102 02/05/2020 02/05/2020 Dissertation
UBT Library © 2015-2024. All rights reserved University Education for Business and Technology